[Event "DVM U20 2023"]
[Site "Magdeburg GER"]
[Date "2023.12.27"]
[Round "2"]
[White "Elstner, Florian"]
[Black "Koll, Linus"]
[Result "1-0"]
[Termination "normal"]
[Board "4.3"]
[WhiteElo "1815"]
[BlackElo "2059"]
[WhiteClock "00:14:55"]
[BlackClock "00:01:23"]
[WhiteTeam "SK König Plauen"]
[BlackTeam "Karlsruher SF 1853"]
[PlyCount "57"]
[WhiteFideId "16247264"]
[BlackFideId "12990299"]
[EventCountry "GER"]
[EventRounds "7"]
[EventType "team-swiss"]
[EventDate "2023.12.26"]

1. d4 {[%clk 01:30:57]} {[%emt 00:00:02]} Nf6 {[%clk 01:30:57]} {[%emt
00:00:04]} 2. c4 {[%clk 01:31:21]} {[%emt 00:00:05]} e6 {[%clk 01:31:25]}
{[%emt 00:00:02]} 3. Nc3 {[%clk 01:31:44]} {[%emt 00:00:06]} Bb4 {[%clk
01:31:53]} {[%emt 00:00:05]} 4. Qc2 {[%clk 01:31:57]} {[%emt 00:00:16]} O-O
{[%clk 01:31:50]} {[%emt 00:00:35]} 5. e4 {[%clk 01:32:09]} {[%emt 00:00:16]}
d5 {[%clk 01:27:20]} {[%emt 00:05:01]} 6. e5 {[%clk 01:30:55]} {[%emt
00:01:43]} Ne4 {[%clk 01:27:35]} {[%emt 00:00:16]} 7. Bd3 {[%clk 01:30:48]}
{[%emt 00:00:37]} c5 {[%clk 01:26:09]} {[%emt 00:01:57]} 8. Nf3 {[%clk
01:27:24]} {[%emt 00:03:52]} cxd4 {[%clk 01:21:06]} {[%emt 00:05:34]} 9. Nxd4
{[%clk 01:27:39]} {[%emt 00:00:14]} dxc4 {[%clk 01:20:46]} {[%emt 00:00:51]}
10. Bxe4 {[%clk 01:23:13]} {[%emt 00:04:54]} Qxd4 {[%clk 01:20:15]} {[%emt
00:01:03]} 11. Bf4 {[%clk 01:20:17]} {[%emt 00:03:24]} h6 {[%clk 01:11:52]}
{[%emt 00:08:55]} 12. O-O {[%clk 01:16:45]} {[%emt 00:04:00]} Nc6 {[%clk
00:31:05]} {[%emt 00:41:19]} 13. Rfe1 {[%clk 01:05:53]} {[%emt 00:11:21]} Qc5
{[%clk 00:24:32]} {[%emt 00:07:05]} 14. Qe2 {[%clk 00:47:36]} {[%emt 00:18:45]}
Nd4 {[%clk 00:08:46]} {[%emt 00:16:18]} 15. Qg4 {[%clk 00:37:21]} {[%emt
00:10:43]} h5 {[%clk 00:08:14]} {[%emt 00:01:03]} 16. Bh7+ {[%clk 00:22:56]}
{[%emt 00:14:54]} Kxh7 {[%clk 00:07:54]} {[%emt 00:00:51]} 17. Qxh5+ {[%clk
00:23:22]} {[%emt 00:00:03]} Kg8 {[%clk 00:08:20]} {[%emt 00:00:04]} 18. Ne4
{[%clk 00:23:32]} {[%emt 00:00:21]} Bxe1 {[%clk 00:07:31]} {[%emt 00:01:20]}
19. Nxc5 {[%clk 00:17:53]} {[%emt 00:06:07]} Bb4 {[%clk 00:06:29]} {[%emt
00:01:33]} 20. Ne4 {[%clk 00:17:15]} {[%emt 00:01:07]} Be7 {[%clk 00:02:47]}
{[%emt 00:04:12]} 21. Bg5 {[%clk 00:16:08]} {[%emt 00:01:37]} g6 {[%clk
00:01:43]} {[%emt 00:01:36]} 22. Qh3 {[%clk 00:15:49]} {[%emt 00:00:47]} f6
{[%clk 00:01:22]} {[%emt 00:00:52]} 23. Bxf6 {[%clk 00:15:11]} {[%emt
00:01:08]} Bxf6 {[%clk 00:01:29]} {[%emt 00:00:24]} 24. Nxf6+ {[%clk 00:14:58]}
{[%emt 00:00:43]} Rxf6 {[%clk 00:01:41]} {[%emt 00:00:19]} 25. exf6 {[%clk
00:15:23]} {[%emt 00:00:04]} Nf5 {[%clk 00:00:48]} {[%emt 00:01:23]} 26. g4
{[%clk 00:15:03]} {[%emt 00:00:49]} Nd6 {[%clk 00:01:01]} {[%emt 00:00:18]} 27.
Qh6 {[%clk 00:15:10]} {[%emt 00:00:22]} Ne8 {[%clk 00:00:57]} {[%emt 00:00:35]}
28. Qxg6+ {[%clk 00:15:30]} {[%emt 00:00:09]} Kf8 {[%clk 00:01:23]} {[%emt
00:00:04]} 29. Rd1 {[%clk 00:14:55]} {[%emt 00:01:06]} 1-0

[Event "DVM U20 2023"]
[Site "Magdeburg GER"]
[Date "2023.12.27"]
[Round "2"]
[White "Scheinmaier, Mark"]
[Black "Melitzki, Richard"]
[Result "1/2-1/2"]
[Termination "normal"]
[Board "4.4"]
[WhiteElo "1699"]
[BlackElo "1819"]
[WhiteClock "00:04:16"]
[BlackClock "00:23:06"]
[WhiteTeam "Karlsruher SF 1853"]
[BlackTeam "SK König Plauen"]
[PlyCount "105"]
[WhiteFideId "16238958"]
[BlackFideId "16223420"]
[EventCountry "GER"]
[EventRounds "7"]
[EventType "team-swiss"]
[EventDate "2023.12.26"]

1. e4 {[%clk 01:30:58]} c5 {[%clk 01:30:48]} {[%emt 00:00:13]} 2. Nf3 {[%clk
01:31:24]} {[%emt 00:00:05]} e6 {[%clk 01:30:55]} {[%emt 00:00:23]} 3. d4
{[%clk 01:31:50]} {[%emt 00:00:05]} cxd4 {[%clk 01:31:19]} {[%emt 00:00:05]} 4.
Nxd4 {[%clk 01:32:15]} {[%emt 00:00:05]} Nc6 {[%clk 01:31:42]} {[%emt
00:00:07]} 5. Bf4 {[%clk 01:32:40]} {[%emt 00:00:05]} Nf6 {[%clk 01:27:51]}
{[%emt 00:04:21]} 6. Nb5 {[%clk 01:33:00]} {[%emt 00:00:10]} e5 {[%clk
01:28:02]} {[%emt 00:00:19]} 7. Bg5 {[%clk 01:33:13]} {[%emt 00:00:17]} d6
{[%clk 01:21:21]} {[%emt 00:07:11]} 8. Bxf6 {[%clk 01:33:36]} {[%emt 00:00:07]}
gxf6 {[%clk 01:21:43]} {[%emt 00:00:08]} 9. Bc4 {[%clk 01:33:57]} {[%emt
00:00:09]} a6 {[%clk 01:21:55]} {[%emt 00:00:18]} 10. N5c3 {[%clk 01:34:10]}
{[%emt 00:00:18]} Be6 {[%clk 01:14:44]} {[%emt 00:07:41]} 11. Bxe6 {[%clk
01:34:07]} {[%emt 00:00:32]} fxe6 {[%clk 01:15:09]} {[%emt 00:00:05]} 12. Qh5+
{[%clk 01:34:32]} {[%emt 00:00:05]} Ke7 {[%clk 01:15:20]} {[%emt 00:00:20]} 13.
Nd2 {[%clk 01:31:03]} {[%emt 00:03:59]} Qe8 {[%clk 01:15:24]} {[%emt 00:00:25]}
14. Qh3 {[%clk 01:27:26]} {[%emt 00:04:08]} h5 {[%clk 01:06:23]} {[%emt
00:09:31]} 15. f4 {[%clk 01:11:38]} {[%emt 00:16:17]} Qg6 {[%clk 00:47:47]}
{[%emt 00:19:06]} 16. f5 {[%clk 01:03:08]} {[%emt 00:09:00]} Qg4 {[%clk
00:48:03]} {[%emt 00:00:14]} 17. Qxg4 {[%clk 01:03:18]} {[%emt 00:00:21]} hxg4
{[%clk 00:48:26]} {[%emt 00:00:06]} 18. fxe6 {[%clk 01:03:31]} {[%emt
00:00:17]} Kxe6 {[%clk 00:47:49]} {[%emt 00:01:07]} 19. Nd5 {[%clk 01:02:57]}
{[%emt 00:01:04]} Rc8 {[%clk 00:47:48]} {[%emt 00:00:30]} 20. Nb6 {[%clk
00:51:41]} {[%emt 00:11:48]} Rc7 {[%clk 00:47:25]} {[%emt 00:00:52]} 21. O-O-O
{[%clk 00:45:38]} {[%emt 00:06:33]} Nb4 {[%clk 00:43:56]} {[%emt 00:03:59]} 22.
Ndc4 {[%clk 00:44:47]} {[%emt 00:01:21]} Nxa2+ {[%clk 00:26:54]} {[%emt
00:17:32]} 23. Kb1 {[%clk 00:45:12]} {[%emt 00:00:05]} Nb4 {[%clk 00:27:18]}
{[%emt 00:00:06]} 24. c3 {[%clk 00:45:15]} {[%emt 00:00:27]} d5 {[%clk
00:25:41]} {[%emt 00:02:06]} 25. Ne3 {[%clk 00:38:16]} {[%emt 00:07:30]} d4
{[%clk 00:22:25]} {[%emt 00:03:47]} 26. cxd4 {[%clk 00:35:55]} {[%emt
00:02:51]} exd4 {[%clk 00:22:14]} {[%emt 00:00:41]} 27. Nxg4 {[%clk 00:32:16]}
{[%emt 00:04:10]} Rc6 {[%clk 00:20:18]} {[%emt 00:02:26]} 28. Rhf1 {[%clk
00:31:07]} {[%emt 00:01:39]} Be7 {[%clk 00:18:54]} {[%emt 00:01:53]} 29. Nd5
{[%clk 00:25:56]} {[%emt 00:05:40]} Nxd5 {[%clk 00:18:55]} {[%emt 00:00:29]}
30. exd5+ {[%clk 00:26:19]} {[%emt 00:00:08]} Kxd5 {[%clk 00:18:30]} {[%emt
00:00:54]} 31. Rf4 {[%clk 00:21:47]} {[%emt 00:05:03]} Ke6 {[%clk 00:10:55]}
{[%emt 00:08:05]} 32. Re1+ {[%clk 00:18:46]} {[%emt 00:03:31]} Kd7 {[%clk
00:08:48]} {[%emt 00:02:37]} 33. Rxd4+ {[%clk 00:18:09]} {[%emt 00:01:07]} Ke8
{[%clk 00:09:06]} {[%emt 00:00:11]} 34. Rf4 {[%clk 00:13:59]} {[%emt 00:04:39]}
Kd8 {[%clk 00:07:21]} {[%emt 00:02:16]} 35. h3 {[%clk 00:13:20]} {[%emt
00:01:10]} Rd6 {[%clk 00:05:13]} {[%emt 00:02:37]} 36. Ne3 {[%clk 00:06:38]}
{[%emt 00:07:12]} Rg8 {[%clk 00:03:39]} {[%emt 00:02:03]} 37. Nf5 {[%clk
00:05:43]} {[%emt 00:01:25]} Rd7 {[%clk 00:03:59]} {[%emt 00:00:10]} 38. g4
{[%clk 00:03:52]} {[%emt 00:02:21]} Bd6 {[%clk 00:03:45]} {[%emt 00:00:45]} 39.
Rfe4 {[%clk 00:01:08]} {[%emt 00:03:14]} Be5 {[%clk 00:03:41]} {[%emt
00:00:33]} 40. R1e2 {[%clk 00:00:43]} {[%emt 00:00:56]} Rd3 {[%clk 00:01:34]}
{[%emt 00:02:37]} 41. R4e3 {[%clk 00:22:38]} {[%emt 00:08:35]} Rd1+ {[%clk
00:30:05]} {[%emt 00:01:59]} 42. Kc2 {[%clk 00:22:40]} {[%emt 00:00:27]} Rf1
{[%clk 00:29:23]} {[%emt 00:01:12]} 43. Ng3 {[%clk 00:21:46]} {[%emt 00:01:24]}
Rf4 {[%clk 00:28:34]} {[%emt 00:01:19]} 44. Ne4 {[%clk 00:19:31]} {[%emt
00:02:45]} Kc7 {[%clk 00:28:29]} {[%emt 00:00:35]} 45. Rf2 {[%clk 00:19:03]}
{[%emt 00:00:58]} Rxf2+ {[%clk 00:26:28]} {[%emt 00:02:31]} 46. Nxf2 {[%clk
00:19:29]} {[%emt 00:00:05]} Bd4 {[%clk 00:26:39]} {[%emt 00:00:19]} 47. Rf3
{[%clk 00:19:35]} {[%emt 00:00:24]} Kd6 {[%clk 00:25:09]} {[%emt 00:02:00]} 48.
Ne4+ {[%clk 00:17:46]} {[%emt 00:02:18]} Ke6 {[%clk 00:25:06]} {[%emt
00:00:33]} 49. b3 {[%clk 00:12:56]} {[%emt 00:05:21]} Rc8+ {[%clk 00:25:03]}
{[%emt 00:00:33]} 50. Kd3 {[%clk 00:09:50]} {[%emt 00:03:36]} Be5 {[%clk
00:24:56]} {[%emt 00:00:36]} 51. h4 {[%clk 00:09:14]} {[%emt 00:01:06]} b5
{[%clk 00:24:51]} {[%emt 00:00:34]} 52. h5 {[%clk 00:08:41]} {[%emt 00:01:04]}
a5 {[%clk 00:23:06]} {[%emt 00:02:14]} 53. h6 {[%clk 00:04:16]} {[%emt
00:04:56]} *

[Event "DVM U20 2023"]
[Site "Magdeburg GER"]
[Date "2023.12.27"]
[Round "2"]
[White "Pivtorak, Illia"]
[Black "Gülsen, Sinan Yilmaz"]
[Result "0-1"]
[Termination "normal"]
[Board "4.5"]
[WhiteElo "1684"]
[BlackElo "1314"]
[WhiteClock "00:00:46"]
[BlackClock "00:09:23"]
[WhiteTeam "SK König Plauen"]
[BlackTeam "Karlsruher SF 1853"]
[PlyCount "58"]
[WhiteFideId "14194317"]
[BlackFideId "34606017"]
[EventCountry "GER"]
[EventRounds "7"]
[EventType "team-swiss"]
[EventDate "2023.12.26"]

1. d4 {[%clk 01:30:22]} {[%emt 00:00:37]} Nf6 {[%clk 01:30:45]} {[%emt
00:00:16]} 2. c4 {[%clk 01:30:44]} {[%emt 00:00:09]} e6 {[%clk 01:31:03]}
{[%emt 00:00:11]} 3. Nc3 {[%clk 01:31:05]} {[%emt 00:00:10]} Bb4 {[%clk
01:31:17]} {[%emt 00:00:15]} 4. Qc2 {[%clk 01:31:27]} {[%emt 00:00:08]} d5
{[%clk 01:30:52]} {[%emt 00:00:55]} 5. cxd5 {[%clk 01:31:46]} {[%emt 00:00:11]}
exd5 {[%clk 01:30:12]} {[%emt 00:01:10]} 6. Bg5 {[%clk 01:31:50]} {[%emt
00:00:27]} h6 {[%clk 01:27:00]} {[%emt 00:03:42]} 7. Bh4 {[%clk 01:32:15]}
{[%emt 00:00:05]} Qd6 {[%clk 01:07:28]} {[%emt 00:20:02]} 8. Nf3 {[%clk
01:24:11]} {[%emt 00:08:34]} Ne4 {[%clk 01:02:34]} {[%emt 00:05:23]} 9. a3
{[%clk 01:20:42]} {[%emt 00:04:00]} Bxc3+ {[%clk 00:51:23]} {[%emt 00:11:40]}
10. bxc3 {[%clk 01:21:05]} {[%emt 00:00:09]} Bf5 {[%clk 00:51:24]} {[%emt
00:00:28]} 11. Qb3 {[%clk 01:14:17]} {[%emt 00:07:19]} Nd7 {[%clk 00:48:03]}
{[%emt 00:03:51]} 12. e3 {[%clk 01:10:01]} {[%emt 00:04:46]} O-O {[%clk
00:46:52]} {[%emt 00:01:41]} 13. c4 {[%clk 01:04:08]} {[%emt 00:06:24]} c5
{[%clk 00:32:31]} {[%emt 00:18:49]} 14. Qxb7 {[%clk 00:52:49]} {[%emt
00:08:51]} Rfb8 {[%clk 00:17:30]} {[%emt 00:15:30]} 15. Qxd5 {[%clk 00:53:07]}
{[%emt 00:00:12]} Qg6 {[%clk 00:17:52]} {[%emt 00:00:07]} 16. Ne5 {[%clk
00:47:08]} {[%emt 00:06:30]} Qa6 {[%clk 00:16:46]} {[%emt 00:01:37]} 17. Qxf7+
{[%clk 00:37:37]} {[%emt 00:10:01]} Kh8 {[%clk 00:17:03]} {[%emt 00:00:12]} 18.
Qxf5 {[%clk 00:37:59]} {[%emt 00:00:09]} Qa5+ {[%clk 00:15:52]} {[%emt
00:01:41]} 19. Ke2 {[%clk 00:38:16]} {[%emt 00:00:13]} Qd2+ {[%clk 00:13:57]}
{[%emt 00:02:25]} 20. Kf3 {[%clk 00:38:37]} {[%emt 00:00:09]} Nxe5+ {[%clk
00:14:09]} {[%emt 00:00:18]} 21. Qxe5 {[%clk 00:31:16]} {[%emt 00:07:50]} Nc3
{[%clk 00:13:40]} {[%emt 00:01:00]} 22. Bg3 {[%clk 00:19:21]} {[%emt 00:12:25]}
Rf8+ {[%clk 00:11:08]} {[%emt 00:03:01]} 23. Bf4 {[%clk 00:19:07]} {[%emt
00:00:44]} Rae8 {[%clk 00:09:58]} {[%emt 00:01:40]} 24. Qh5 {[%clk 00:15:51]}
{[%emt 00:03:45]} cxd4 {[%clk 00:09:43]} {[%emt 00:00:47]} 25. Kg3 {[%clk
00:04:01]} {[%emt 00:12:20]} Ne4+ {[%clk 00:09:42]} {[%emt 00:00:30]} 26. Kh4
{[%clk 00:00:54]} {[%emt 00:03:38]} Rxf4+ {[%clk 00:08:20]} {[%emt 00:01:51]}
27. exf4 {[%clk 00:00:39]} {[%emt 00:00:46]} Qxf4+ {[%clk 00:08:40]} {[%emt
00:00:08]} 28. g4 {[%clk 00:00:57]} {[%emt 00:00:13]} g5+ {[%clk 00:09:02]}
{[%emt 00:00:07]} 29. Kh3 {[%clk 00:00:46]} {[%emt 00:00:42]} Qf3# {[%clk
00:09:23]} {[%emt 00:00:07]} 0-1

[Event "DVM U20 2023"]
[Site "Magdeburg GER"]
[Date "2023.12.27"]
[Round "2"]
[White "Haug, Mara"]
[Black "Bühring, Marwin"]
[Result "0-1"]
[Termination "normal"]
[Board "4.6"]
[WhiteElo "1691"]
[BlackElo "1427"]
[WhiteClock "00:04:48"]
[BlackClock "00:24:22"]
[WhiteTeam "Karlsruher SF 1853"]
[BlackTeam "SK König Plauen"]
[PlyCount "98"]
[WhiteFideId "16259300"]
[BlackFideId "16281985"]
[EventCountry "GER"]
[EventRounds "7"]
[EventType "team-swiss"]
[EventDate "2023.12.26"]

1. e4 {[%clk 01:30:58]} {[%emt 00:00:02]} c5 {[%clk 01:30:56]} {[%emt
00:00:04]} 2. Nf3 {[%clk 01:31:23]} {[%emt 00:00:06]} e6 {[%clk 01:31:24]}
{[%emt 00:00:03]} 3. d4 {[%clk 01:31:46]} {[%emt 00:00:06]} cxd4 {[%clk
01:31:50]} {[%emt 00:00:04]} 4. Nxd4 {[%clk 01:32:10]} {[%emt 00:00:06]} Nc6
{[%clk 01:32:15]} {[%emt 00:00:04]} 5. Bf4 {[%clk 01:32:19]} {[%emt 00:00:21]}
Nf6 {[%clk 01:31:33]} {[%emt 00:01:12]} 6. Nb5 {[%clk 01:32:13]} {[%emt
00:00:36]} e5 {[%clk 01:29:03]} {[%emt 00:03:00]} 7. Bg5 {[%clk 01:31:00]}
{[%emt 00:01:43]} d6 {[%clk 01:27:51]} {[%emt 00:01:43]} 8. Bxf6 {[%clk
01:30:16]} {[%emt 00:01:14]} gxf6 {[%clk 01:28:15]} {[%emt 00:00:06]} 9. Bc4
{[%clk 01:30:05]} {[%emt 00:00:39]} a6 {[%clk 01:24:53]} {[%emt 00:03:55]} 10.
N5c3 {[%clk 01:30:21]} {[%emt 00:00:14]} b5 {[%clk 01:18:09]} {[%emt 00:07:14]}
11. Bb3 {[%clk 01:27:32]} {[%emt 00:03:17]} Be6 {[%clk 01:11:29]} {[%emt
00:07:11]} 12. Bxe6 {[%clk 01:24:05]} {[%emt 00:03:57]} fxe6 {[%clk 01:11:52]}
{[%emt 00:00:07]} 13. Qh5+ {[%clk 01:24:30]} {[%emt 00:00:05]} Ke7 {[%clk
01:12:03]} {[%emt 00:00:18]} 14. Nd2 {[%clk 01:21:00]} {[%emt 00:03:59]} Rc8
{[%clk 01:09:41]} {[%emt 00:02:53]} 15. a3 {[%clk 01:07:46]} {[%emt 00:13:43]}
Qe8 {[%clk 01:03:26]} {[%emt 00:06:45]} 16. Qxe8+ {[%clk 00:55:31]} {[%emt
00:12:45]} Kxe8 {[%clk 01:03:16]} {[%emt 00:00:41]} 17. Nb3 {[%clk 00:52:18]}
{[%emt 00:03:43]} Bh6 {[%clk 01:00:00]} {[%emt 00:03:46]} 18. Rd1 {[%clk
00:49:56]} {[%emt 00:02:49]} Ke7 {[%clk 00:59:13]} {[%emt 00:01:20]} 19. O-O
{[%clk 00:40:18]} {[%emt 00:06:31]} Bg5 {[%clk 00:57:58]} {[%emt 00:05:22]} 20.
Ne2 {[%clk 00:38:51]} {[%emt 00:01:53]} h5 {[%clk 00:54:17]} {[%emt 00:04:15]}
21. f4 {[%clk 00:34:29]} {[%emt 00:04:52]} exf4 {[%clk 00:53:40]} {[%emt
00:01:07]} 22. Nxf4 {[%clk 00:33:44]} {[%emt 00:01:14]} Ne5 {[%clk 00:53:13]}
{[%emt 00:00:59]} 23. c3 {[%clk 00:29:13]} {[%emt 00:05:00]} Bxf4 {[%clk
00:44:29]} {[%emt 00:09:14]} 24. Rxf4 {[%clk 00:29:39]} {[%emt 00:00:04]} Nc4
{[%clk 00:44:38]} {[%emt 00:00:21]} 25. Rf2 {[%clk 00:29:13]} {[%emt 00:00:54]}
e5 {[%clk 00:44:39]} {[%emt 00:00:30]} 26. Rd3 {[%clk 00:25:42]} {[%emt
00:03:55]} Ke6 {[%clk 00:42:42]} {[%emt 00:02:34]} 27. Rdf3 {[%clk 00:24:36]}
{[%emt 00:01:34]} Rhf8 {[%clk 00:38:06]} {[%emt 00:05:08]} 28. g3 {[%clk
00:21:08]} {[%emt 00:03:58]} Rc7 {[%clk 00:36:51]} {[%emt 00:01:44]} 29. Nc1
{[%clk 00:18:26]} {[%emt 00:03:11]} a5 {[%clk 00:30:46]} {[%emt 00:06:38]} 30.
Kg2 {[%clk 00:16:22]} {[%emt 00:02:33]} Rh7 {[%clk 00:28:45]} {[%emt 00:02:32]}
31. Kh3 {[%clk 00:16:04]} {[%emt 00:00:46]} Rh6 {[%clk 00:27:03]} {[%emt
00:02:14]} 32. Nd3 {[%clk 00:09:04]} {[%emt 00:07:27]} Rg8 {[%clk 00:25:35]}
{[%emt 00:02:01]} 33. Rc2 {[%clk 00:06:35]} {[%emt 00:02:54]} Rg4 {[%clk
00:23:57]} {[%emt 00:02:12]} 34. Nf2 {[%clk 00:06:45]} {[%emt 00:00:18]} Rg5
{[%clk 00:24:14]} {[%emt 00:00:15]} 35. Kh4 {[%clk 00:05:05]} {[%emt 00:02:09]}
Rhg6 {[%clk 00:23:52]} {[%emt 00:00:52]} 36. Re2 {[%clk 00:03:05]} {[%emt
00:02:29]} Rg8 {[%clk 00:21:18]} {[%emt 00:03:05]} 37. Rd3 {[%clk 00:01:59]}
{[%emt 00:01:34]} f5 {[%clk 00:19:40]} {[%emt 00:02:11]} 38. exf5+ {[%clk
00:00:44]} {[%emt 00:01:44]} Rxf5 {[%clk 00:20:03]} {[%emt 00:00:06]} 39. Kh3
{[%clk 00:01:03]} {[%emt 00:00:10]} d5 {[%clk 00:20:01]} {[%emt 00:00:34]} 40.
Nd1 {[%clk 00:00:48]} {[%emt 00:00:44]} e4 {[%clk 00:16:16]} {[%emt 00:04:16]}
41. Rd4 {[%clk 00:28:11]} {[%emt 00:03:05]} Rf3 {[%clk 00:41:34]} {[%emt
00:05:13]} 42. b3 {[%clk 00:24:25]} {[%emt 00:04:16]} Nb6 {[%clk 00:32:08]}
{[%emt 00:09:55]} 43. Kh4 {[%clk 00:21:38]} {[%emt 00:03:17]} Nd7 {[%clk
00:29:52]} {[%emt 00:02:47]} 44. a4 {[%clk 00:13:55]} {[%emt 00:08:13]} Ne5
{[%clk 00:25:35]} {[%emt 00:04:47]} 45. axb5 {[%clk 00:06:24]} {[%emt
00:08:01]} Ng6+ {[%clk 00:24:56]} {[%emt 00:01:09]} 46. Kxh5 {[%clk 00:05:12]}
{[%emt 00:01:42]} Rf5+ {[%clk 00:23:52]} {[%emt 00:01:33]} 47. Kh6 {[%clk
00:05:11]} {[%emt 00:00:31]} Kf6 {[%clk 00:24:14]} {[%emt 00:00:08]} 48. Kh7
{[%clk 00:04:27]} {[%emt 00:01:16]} Rh5+ {[%clk 00:24:22]} {[%emt 00:00:21]}
49. Kxg8 {[%clk 00:04:48]} {[%emt 00:00:09]} Rh8# {[%emt 00:00:03]} 0-1

[Event "DVM U20 2023"]
[Site "Magdeburg GER"]
[Date "2023.12.27"]
[Round "2"]
[White "Leonard, Timo"]
[Black "Kanzow, Alexander"]
[Result "1/2-1/2"]
[Termination "normal"]
[Board "5.1"]
[WhiteElo "2170"]
[BlackElo "1839"]
[WhiteClock "00:45:06"]
[BlackClock "01:06:27"]
[WhiteTeam "SV Hemer 1932"]
[BlackTeam "KSV Rochade Göttingen (Veltheim)"]
[PlyCount "41"]
[WhiteFideId "16208757"]
[BlackFideId "16225414"]
[EventCountry "GER"]
[EventRounds "7"]
[EventType "team-swiss"]
[EventDate "2023.12.26"]

1. d4 {[%clk 01:30:57]} {[%emt 00:00:04]} Nf6 {[%clk 01:30:53]} {[%emt
00:00:07]} 2. c4 {[%clk 01:31:24]} {[%emt 00:00:03]} g6 {[%clk 01:31:09]}
{[%emt 00:00:13]} 3. Nc3 {[%clk 01:30:39]} {[%emt 00:01:16]} d5 {[%clk
01:31:20]} {[%emt 00:00:18]} 4. cxd5 {[%clk 01:28:46]} {[%emt 00:02:24]} Nxd5
{[%clk 01:31:39]} {[%emt 00:00:12]} 5. Bd2 {[%clk 01:29:13]} {[%emt 00:00:03]}
c5 {[%clk 01:31:09]} {[%emt 00:00:59]} 6. e4 {[%clk 01:24:58]} {[%emt
00:04:46]} Nxc3 {[%clk 01:31:29]} {[%emt 00:00:11]} 7. Bxc3 {[%clk 01:25:21]}
{[%emt 00:00:06]} cxd4 {[%clk 01:31:41]} {[%emt 00:00:19]} 8. Bxd4 {[%clk
01:15:37]} {[%emt 00:10:14]} e5 {[%clk 01:31:38]} {[%emt 00:00:34]} 9. Bc3
{[%clk 01:14:14]} {[%emt 00:01:53]} Qxd1+ {[%clk 01:31:32]} {[%emt 00:00:36]}
10. Rxd1 {[%clk 01:14:39]} {[%emt 00:00:05]} Be6 {[%clk 01:20:53]} {[%emt
00:11:07]} 11. Nf3 {[%clk 00:59:44]} {[%emt 00:15:26]} f6 {[%clk 01:20:32]}
{[%emt 00:00:51]} 12. Nd2 {[%clk 00:55:03]} {[%emt 00:05:10]} Nc6 {[%clk
01:18:43]} {[%emt 00:02:19]} 13. Bc4 {[%clk 00:54:14]} {[%emt 00:01:18]} Kf7
{[%clk 01:13:57]} {[%emt 00:05:16]} 14. Bxe6+ {[%clk 00:51:12]} {[%emt
00:03:34]} Kxe6 {[%clk 01:14:15]} {[%emt 00:00:09]} 15. Nb3 {[%clk 00:50:14]}
{[%emt 00:01:30]} Be7 {[%clk 01:10:05]} {[%emt 00:04:40]} 16. Ke2 {[%clk
00:48:38]} {[%emt 00:02:05]} Rhd8 {[%clk 01:09:53]} {[%emt 00:00:42]} 17. Rxd8
{[%clk 00:45:34]} {[%emt 00:03:34]} Rxd8 {[%clk 01:10:06]} {[%emt 00:00:18]}
18. Rd1 {[%clk 00:45:59]} {[%emt 00:00:04]} Rxd1 {[%clk 01:09:31]} {[%emt
00:01:06]} 19. Kxd1 {[%clk 00:46:26]} {[%emt 00:00:03]} b6 {[%clk 01:07:47]}
{[%emt 00:02:15]} 20. Ke2 {[%clk 00:45:52]} {[%emt 00:01:03]} Bb4 {[%clk
01:06:27]} {[%emt 00:01:50]} 21. Kd3 {[%clk 00:45:06]} {[%emt 00:01:16]}
1/2-1/2